Antología de cuentos de la literatura universal
Guardat en:
| Autors principals: | , |
|---|---|
| Format: | Llibre |
| Idioma: | espanyol |
| Publicat: |
Santiago
Andrés Bello
1955
|
| Edició: | 3a. ed |
| Col·lecció: | Grandes Antologías Labor
|
| Matèries: | |
| Etiquetes: |
Afegir etiqueta
Sense etiquetes, Sigues el primer a etiquetar aquest registre!
|
MARC
| LEADER | 00000nam a2200000 a 4500 | ||
|---|---|---|---|
| 001 | UCX4948 | ||
| 003 | CL-VaPUC | ||
| 008 | 920814e19550000CL |||||||||||||||||spa|d | ||
| 082 | 0 | 4 | |a 808.831 |b MEN |2 21 |
| 100 | |a Menéndez Pidal, Gonzalo |e autor |9 492775 | ||
| 700 | 0 | |a Bernis, Elisa |e author |9 321237 | |
| 245 | 1 | 0 | |a Antología de cuentos de la literatura universal |
| 250 | |a 3a. ed | ||
| 300 | |a 1050 p | ||
| 942 | |c BK | ||
| 945 | |d 19920814 00:00:00 | ||
| 260 | |a Santiago |b Andrés Bello |c 1955 | ||
| 650 | 0 | |a Cuentos |9 308079 | |
| 583 | |a last modification |c 19920814 00:00:00 |k Rodrigo Vera | ||
| 490 | 0 | |a Grandes Antologías Labor | |
| 999 | |c 225310 |d 225308 | ||
| 952 | |0 0 |1 0 |4 0 |6 808_831000000000000_MEN_1955 |7 0 |8 A |9 222718 |a BIBEDU |b BIBEDU |d 2019-11-15 |i 291512K |o 808.831 MEN 1955 |p 291512K |r 2019-11-15 |w 2019-11-15 |y BK |k LIT | ||